00733nam a2200205 a 450000100080000000500110000800800410001902200140006010000220007424501530009626000650024950000840031465000120039870000140041070000190042470000190044370000240046270000240048670000170051020284942016-04-08 2015 bl uuuu u00u1 u #d a0103-667X1 aBRZEZINSKI, C. R. aNíveis de vigor sobre a qualidade fisiológica de sementes de soja tratadas industrialmente com diferentes volumes de calda.h[electronic resource] aInformativo ABRATES, Brasília, v. 25, n.2, set. 2015.c2015 aEdição de Anais d XIX Congresso Brasileiro de Sementes, Foz do Iguaçu, 2015. aSemente1 aABATI, J.1 aHENNING, F. A.1 aHENNING, A. A.1 aFRANÇA-NETO, J. B.1 aKRZYZANOWSKI, F. C.1 aZUCARELI, C.